William Carey / (Record no. 23671)

MARC details
000 -LEADER
fixed length control field 01067cam a2200337 i 4500
001 - CONTROL NUMBER
control field 18792279
003 - CONTROL NUMBER IDENTIFIER
control field BDDh-ASL
005 - DATE AND TIME OF LATEST TRANSACTION
control field 20231015030255.0
008 - FIXED-LENGTH DATA ELEMENTS--GENERAL INFORMATION
fixed length control field 150922s1961 enka b 000 0beng
010 ## - LIBRARY OF CONGRESS CONTROL NUMBER
LC control number 2015457235
020 ## - INTERNATIONAL STANDARD BOOK NUMBER
International Standard Book Number 9783862690602 (pbk.)
020 ## - INTERNATIONAL STANDARD BOOK NUMBER
International Standard Book Number 3862690601 (pbk.)
040 ## - CATALOGING SOURCE
Original cataloging agency DLC
Language of cataloging eng
Transcribing agency DLC
Description conventions rda
-- BDDh-ASL
042 ## - AUTHENTICATION CODE
Authentication code pcc
043 ## - GEOGRAPHIC AREA CODE
Geographic area code e-uk-en
050 00 - LIBRARY OF CONGRESS CALL NUMBER
Classification number BV3269.C3
Item number W55 2013
082 ## - DEWEY DECIMAL CLASSIFICATION NUMBER
Classification number 921.91
Item number CAR
100 1# - MAIN ENTRY--PERSONAL NAME
9 (RLIN) 3584
Personal name Middlebrook, J. B.
245 00 - TITLE STATEMENT
Title William Carey /
264 #1 - PRODUCTION, PUBLICATION, DISTRIBUTION, MANUFACTURE, AND COPYRIGHT NOTICE
Place of production, publication, distribution, manufacture London:
Name of producer, publisher, distributor, manufacturer The Carey Kingsgate Press Limited,
Date of production, publication, distribution, manufacture, or copyright notice 1961.
300 ## - PHYSICAL DESCRIPTION
Extent 112 p. :
Other physical details illustrations ;
Dimensions 19 cm.
336 ## - CONTENT TYPE
Content type term text
Source rdacontent
337 ## - MEDIA TYPE
Media type term unmediated
Source rdamedia
338 ## - CARRIER TYPE
Carrier type term volume
Source rdacarrier
504 ## - BIBLIOGRAPHY, ETC. NOTE
Bibliography, etc. note Includes bibliographical references.
600 10 - SUBJECT ADDED ENTRY--PERSONAL NAME
Personal name Carey, William,
Dates associated with a name 1761-1834.
650 #0 - SUBJECT ADDED ENTRY--TOPICAL TERM
Topical term or geographic name entry element Missionaries
Geographic subdivision England
Form subdivision Biography.
906 ## - LOCAL DATA ELEMENT F, LDF (RLIN)
a 7
b cbc
c origres
d 3
e ncip
f 20
g y-gencatlg
942 ## - ADDED ENTRY ELEMENTS (KOHA)
Source of classification or shelving scheme Dewey Decimal Classification
Koha item type Books
Holdings
Withdrawn status Lost status Source of classification or shelving scheme Damaged status Not for loan Collection code Home library Current library Shelving location Date acquired Source of acquisition Total Checkouts Full call number Barcode Date last seen Copy number Price effective from Koha item type Public note
    Dewey Decimal Classification Damaged   Non-fiction Asiatic Society Library Asiatic Society Library General Stacks 04/01/2021 ASB Library Collections   921.91 CAR 108170 04/01/2021 C-1 04/01/2021 Books RARE

Powered by Koha